<?xml version="1.0" encoding="UTF-8"?>
<record
    xmlns:xsi="http://www.w3.org/2001/XMLSchema-instance"
    xsi:schemaLocation="http://www.loc.gov/MARC21/slim http://www.loc.gov/standards/marcxml/schema/MARC21slim.xsd"
    xmlns="http://www.loc.gov/MARC21/slim">

  <leader>01868nas a2200277Ia 4500</leader>
  <controlfield tag="001">R809-R8952</controlfield>
  <controlfield tag="003">IT-CnALBA</controlfield>
  <controlfield tag="008">170116c99999999xx ||||||||||||   ||und||</controlfield>
  <datafield tag="040" ind1=" " ind2=" ">
    <subfield code="a">IT-CnALBA</subfield>
    <subfield code="c">IT-CnALBA</subfield>
  </datafield>
  <datafield tag="041" ind1=" " ind2=" ">
    <subfield code="a">LATINO </subfield>
  </datafield>
  <datafield tag="100" ind1=" " ind2=" ">
    <subfield code="a">PIO XII, PAPA PACELLI EUGENIO.</subfield>
  </datafield>
  <datafield tag="210" ind1=" " ind2=" ">
    <subfield code="a">LATINITAS</subfield>
  </datafield>
  <datafield tag="222" ind1=" " ind2=" ">
    <subfield code="a">LATINITAS</subfield>
  </datafield>
  <datafield tag="245" ind1=" " ind2="0">
    <subfield code="a">LATINITAS. COMMENTARI PER LA  PROMOZIONE DEL LATINO. LIBELLUS I - IV 1958. </subfield>
  </datafield>
  <datafield tag="250" ind1=" " ind2=" ">
    <subfield code="a">1a ed.</subfield>
  </datafield>
  <datafield tag="260" ind1=" " ind2=" ">
    <subfield code="a"> ROMA</subfield>
    <subfield code="b">LIBRERIA EDITRICE VATICANA </subfield>
    <subfield code="c">1958 [1&#xB0; Ed.:1958 - Ed.Ling.Originale: 1958]</subfield>
  </datafield>
  <datafield tag="300" ind1=" " ind2=" ">
    <subfield code="a">320 p. </subfield>
  </datafield>
  <datafield tag="310" ind1=" " ind2=" ">
    <subfield code="a">TRIMESTRALE</subfield>
  </datafield>
  <datafield tag="362" ind1=" " ind2=" ">
    <subfield code="a">Fascicolo: 1-4 / Anno: 6 (1958)</subfield>
  </datafield>
  <datafield tag="500" ind1=" " ind2=" ">
    <subfield code="a">ISCRIZIONI GRECO E LATINO. TITOLI LATINI. PROPOSTI A RAVENNA PER LA VISITA DI PIO IX. NAVIGAZIONE. VOLPINI ALESSANDRO CHIAMATO NELLA CURIA ROMANA PER LA RESTAURAZIONE NELLA LINGUA ITALIANA. PAROLE ITALIANE TRADOTTE DAL LATINO. SULL'USO DELLA LINGUA LATINA. VECCHIO MEDICO. MEMORIA DEL TEMPO PASSATO. EPIGRAMMI. RISPOSTE A QUESITI. LETTERE ALLA REDAZIONE. RECENSIONI. INDICE NOMI NUOVI. AUTORI, SCHNVR H. C. ZANNONI V. NEGRI A. SCHOPENHAUER A. BIANCINI C. COPPA I. TESCARI A. MORABITO I. EGGER C. </subfield>
  </datafield>
  <datafield tag="501" ind1=" " ind2=" ">
    <subfield code="a">Societ&#xE0; San Paolo EM - Piazza San Paolo, 14 - 12051 ALBA (CN)  (non commercial uses only) &#xAE; Copyright 2017</subfield>
  </datafield>
  <datafield tag="520" ind1=" " ind2=" ">
    <subfield code="a">ISCRIZIONI GRECO E LATINO. TITOLI LATINI. PROPOSTI A RAVENNA PER LA VISITA DI PIO IX. NAVIGAZIONE. VOLPINI ALESSANDRO CHIAMATO NELLA CURIA ROMANA PER LA RESTAURAZIONE NELLA LINGUA ITALIANA. PAROLE ITALIANE TRADOTTE DAL LATINO. SULL'USO DELLA LINGUA LATINA. VECCHIO MEDICO. MEMORIA DEL TEMPO PASSATO. EPIGRAMMI. RISPOSTE A QUESITI. LETTERE ALLA REDAZIONE. RECENSIONI. INDICE NOMI NUOVI. AUTORI, SCHNVR H. C. ZANNONI V. NEGRI A. SCHOPENHAUER A. BIANCINI C. COPPA I. TESCARI A. MORABITO I. EGGER C. </subfield>
  </datafield>
  <datafield tag="650" ind1=" " ind2=" ">
    <subfield code="a">STORIA DESCRIZIONE CRITICA LETTERARIA</subfield>
  </datafield>
  <datafield tag="942" ind1=" " ind2=" ">
    <subfield code="c">CR</subfield>
  </datafield>
  <datafield tag="957" ind1=" " ind2=" ">
    <subfield code="7">1</subfield>
  </datafield>
  <datafield tag="999" ind1=" " ind2=" ">
    <subfield code="a">60519</subfield>
    <subfield code="b">NO</subfield>
    <subfield code="g">1</subfield>
    <subfield code="c">327545</subfield>
    <subfield code="d">327545</subfield>
  </datafield>
  <datafield tag="952" ind1=" " ind2=" ">
    <subfield code="0">0</subfield>
    <subfield code="1">0</subfield>
    <subfield code="4">0</subfield>
    <subfield code="6">R_809R8952</subfield>
    <subfield code="7">1</subfield>
    <subfield code="a">ALBA</subfield>
    <subfield code="b">ALBA</subfield>
    <subfield code="d">2017-01-16</subfield>
    <subfield code="l">0</subfield>
    <subfield code="o">R809-R8952</subfield>
    <subfield code="r">2017-01-16 00:00:00</subfield>
    <subfield code="w">2017-01-16</subfield>
    <subfield code="y">CR</subfield>
    <subfield code="z">(data import: 16 gennaio 2017) - By Epidotti, Vaglietti. </subfield>
  </datafield>
</record>
